Statistics for Provinces of the Aztec Empire on a Map

Click here to take the quiz!

General Stats

  • This quiz has been taken 383 times
  • The average score is 13 of 78

Answers on the Map

Answers color-coded by a green-red scale on the quiz's map according to % correct below.
 

Answer Stats

Provinces% Correct
Mexico-Tenochtitlan
96%
Texcoco
45%
Tlacopan
32%
Tolucan
24%
Tuxpan
19%
Xalapa
19%
Chalco
18%
Cihuatlán
18%
Huey Atotonilco
18%
Tlapan
18%
Tochtepec
18%
Atotonilco
17%
Axocopan
17%
Huaxtepec
17%
Xilotepec
17%
Acolman
16%
Chapulco
16%
Chiapan
16%
Huexotla
16%
Tlapacoyan
16%
Xoconochco
16%
Ayotlan
15%
Cempohuallan
15%
Citlaltepec
15%
Cuauhnahuac
15%
Cuetlaxtlán
15%
Malinalco
15%
Oztoman
15%
Tecpantepec
15%
Tepeyacac
15%
Tlachco
15%
Xocotitlán
15%
Yohualtepec
15%
Calimaya
14%
Chiautlan
14%
Coixtlahuacan
14%
Coyoloapan
14%
Cuauhtitlan
14%
Hueypoxtlan
14%
Ixtacamaxtitlán
14%
Ixtepexi
14%
Ixtlahuaca
14%
Miahuatlán
14%
Misantla
14%
Ocuilán
14%
Ocuituco
14%
Ometepec
14%
Oxtlipan
14%
Temazcaltepec
14%
Teozapotlán
14%
Tetela
14%
Tetzapotitlán
14%
Tlalcozauhtitlán
14%
Tziuhcoac
14%
Yautepec
14%
Zacatlán
14%
Zompanco
14%
Atlatlahuca
13%
Calixtlahuaca
13%
Coatepec
13%
Cuauhchinango
13%
Cuauhtenco o Totolapan
13%
Cuauhtochco
13%
Otatlán
13%
Papantla
13%
Petlacalco
13%
Tepeocuacuilco
13%
Tepoztlán
13%
Tetellan
13%
Tlachquiauhco
13%
Tlatlauiquiltepec
13%
Tliliuhquitepec
13%
Ahutlán
12%
Cuauhteopan
12%
Cuauhuacon
12%
Huaquechula
12%
Tenancingo
12%
Teozacualco
12%

Score Distribution

Percentile by Number Answered

Percent of People with Each Score

Your Score History

You have not taken this quiz